000 00689cam a2200217 a 4500
001 2089075
005 20260327183641.0
008 950822s1996 nyua b 001 0 eng
020 _a0070179964
_qacid-free paper
020 _a9780070179967
_q(acid-free paper)
050 0 0 _aP90
_b.D59 1996
082 0 0 _a302.23
_220
100 1 _aDominick, Joseph R.
245 1 4 _aThe dynamics of mass communication /
_cJoseph R. Dominick.
250 _a5th ed., International ed.
260 _aNew York :
_bMcGraw-Hill,
_cc1996.
300 _axxiii, 599 p. :
_bill. (some col.) ;
_c26 cm.
440 0 _aMcGraw-Hill series in mass communication
650 0 _aMass media.
942 _2lcc
_cBK
_e5th Ed.
_n0
999 _c9185
_d9185